000 00658nam a2200229 i 4500
001 C2-0116210
003 PPAK
005 20180727105656.0
008 970720s1969 caua|||| ||||| | eng d
040 _aPPAK
_beng
_cPPAK
_erda
082 0 4 _a324.22
_223
090 0 0 _a324.22
_bMCF
_dG
100 1 _aMcfarland, Andrew S.,
_eauthor
245 1 0 _aPower and leadership in Pluralist Systems
264 1 _aCalifornia :
_bStandford University Press ,
_c1969
300 _axiii, 273 pages :
_billustrations ;
_c23 cm
336 _2rdacontent
_atext
337 _2rdamedia
_aunmediated
338 _2rdacarrier
_avolume
650 1 0 _aLeadership
942 _ddc
_cB
999 _c30429
_d30429